Issues of Western Hungary (Lajtabansag) in 1921 (Record no. 2050)

000 -LEADER
fixed length control field 00449nam a22000977a 4500
008 - FIXED-LENGTH DATA ELEMENTS--GENERAL INFORMATION
fixed length control field 160606b xxu||||| |||| 00| 0 eng d
100 ## - MAIN ENTRY--AUTHOR'S NAME
Author's Name Ettre, Leslie
245 ## - TITLE STATEMENT
Title Issues of Western Hungary (Lajtabansag) in 1921
260 ## - PUBLICATION, DISTRIBUTION, ETC. (IMPRINT)
Place of publication, distribution, etc. Fairfield, CT
Name of publisher, distributor, etc. Society for Hungarian Philately
Date of publication, distribution, etc. 1971
650 ## - TOPICAL TERM (Tag)
Topical term or geographic name Western Hungary | Lajtabansag | Austria | Burgenland | Hungary | 1921 | Cinderella Material | Overprints and Surcharges | Catalogs and Price Lists | Bibliographies
Holdings
Withdrawn status Lost status Source of classification or shelving scheme Damaged status Koha normalized classification for sorting Not for loan Permanent Location Current Location Date acquired Total Checkouts Full call number Barcode Date last seen Copy number Price effective from Collection code
        G6493 B8 E85   Northern Philatelic Library Northern Philatelic Library 06/06/2016   G6493 B8 E85 1002383 06/06/2016 2 06/06/2016  
        G6493 B8 E85   Northern Philatelic Library Northern Philatelic Library 06/06/2016   G6493 B8 E85 1002384 06/06/2016 1 06/06/2016 Al Hyman

Powered by Koha